[Event "Dt. Senioren-Mannschaftsmeisterschaft der Landesverbände 2017"]
[Site "Templin"]
[Date "2017.10.01"]
[Round "7.1"]
[White "Nekrasov, Mihail"]
[Black "Fritsch, Rolf"]
[Result "1/2-1/2"]
[BlackElo "2214"]
[WhiteElo "2359"]
[LiveChessVersion "1.4.8"]

1. e4 g6 2. d4 Bg7 3. Nf3 d6 4. Bc4 e6 5. O-O Ne7 6. c3 h6 7. Re1 a6 8. a4 b6 9.
Nbd2 Bb7 10. Bd3 Nd7 11. b4 O-O 12. h4 e5 13. Bb2 f5 14. dxe5 Nxe5 15. Nxe5 Bxe5
16. Nf3 Bg7 17. Qb3+ Kh8 18. c4 Qd7 19. Bxg7+ Kxg7 20. Bc2 fxe4 21. Bxe4 Bxe4
22. Rxe4 Ng8 23. a5 Nf6 24. Re2 Rfe8 25. Rxe8 Qxe8 26. axb6 cxb6 27. Qc3 Qd7 28.
Qd4 Qc6 29. Ng5 a5 30. b5 Qe8 31. Nf3 Qd8 32. Ng5 1/2-1/2

[Event "Dt. Senioren-Mannschaftsmeisterschaft der Landesverbände 2017"]
[Site "Templin"]
[Date "2017.10.01"]
[Round "7.2"]
[White "Weisenburger, Horst"]
[Black "Werner, Clemens"]
[Result "1/2-1/2"]
[BlackElo "2306"]
[WhiteElo "2137"]
[LiveChessVersion "1.4.8"]

1. d4 Nf6 2. Bf4 e6 3. e3 c5 4. c3 b6 5. Nd2 Bb7 6. Ngf3 Be7 7. Bd3 Nh5 8. Bg3
d6 9. dxc5 Nxg3 10. hxg3 bxc5 11. Qa4+ Bc6 12. Qg4 g6 13. Nh4 Nd7 14. O-O-O Ne5
15. Qe2 Qa5 16. Bb1 Ba4 17. Nb3 Qb6 18. f4 Bb5 19. Qf2 Nc4 20. Nxg6 fxg6 21.
Bxg6+ Kd7 22. Bxh7 a5 23. Rh5 Kc7 24. Rdh1 a4 25. Nd2 Rab8 26. Nxc4 Bxc4 27. Bb1
Rxh5 28. Rxh5 Bf6 29. Rh7+ Kc6 30. Qd2 1/2-1/2

[Event "Dt. Senioren-Mannschaftsmeisterschaft der Landesverbände 2017"]
[Site "Templin"]
[Date "2017.10.01"]
[Round "7.4"]
[White "Gerstenberger, Heinz"]
[Black "Vatter, Hans-Joachim"]
[Result "1/2-1/2"]
[BlackElo "2203"]
[WhiteElo "2119"]
[LiveChessVersion "1.4.8"]

1. b3 e5 2. Bb2 Nc6 3. e3 Nf6 4. Bb5 Bd6 5. Na3 Na5 6. Nf3 a6 7. Be2 Qe7 8. Nb1
O-O 9. d3 c5 10. c4 b5 11. O-O Re8 1/2-1/2

[Event "Dt. Senioren-Mannschaftsmeisterschaft der Landesverbände 2017"]
[Site "Templin"]
[Date "2017.10.01"]
[Round "7.5"]
[White "Rotstein, Jefim"]
[Black "Klundt, Klaus"]
[Result "0-1"]
[BlackElo "2321"]
[WhiteElo "2322"]
[LiveChessVersion "1.4.8"]

1. d4 Nf6 2. Nf3 d5 3. e3 e6 4. c4 Be7 5. Nc3 O-O 6. b3 c5 7. Be2 cxd4 8. exd4
Nc6 9. O-O b6 10. Ne5 Bb7 11. Bf3 Rc8 12. Bf4 Nxe5 13. dxe5 Ne4 14. Bxe4 dxe4
15. Qe2 Qd3 16. Qb2 Bb4 17. Nb5 Rfd8 18. a3 a6 19. axb4 axb5 20. Ra7 Bc6 21. Qc1
bxc4 22. Bg5 e3 23. Qxe3 Qg6 24. b5 Bxg2 25. Bxd8 Rxd8 26. h4 Bh3+ 27. Qg5 Bxf1
28. Kxf1 Qxg5 29. hxg5 cxb3 30. Ra1 b2 31. Rb1 Rd2 32. Kg2 h6 33. gxh6 g5 34.
Kg3 Kh7 35. f4 Kxh6 36. Kg4 Rd4 37. Rxb2 Rxf4+ 38. Kg3 Re4 0-1

[Event "Dt. Senioren-Mannschaftsmeisterschaft der Landesverbände 2017"]
[Site "Templin"]
[Date "2017.10.01"]
[Round "7.6"]
[White "Kierzek, Matthias, Dr."]
[Black "Khanukov, Boris"]
[Result "1-0"]
[BlackElo "2306"]
[WhiteElo "2277"]
[LiveChessVersion "1.4.8"]

1. d4 Nf6 2. c4 e6 3. Nf3 d5 4. Nc3 Be7 5. Bf4 O-O 6. e3 c5 7. dxc5 Bxc5 8. cxd5
Nxd5 9. Nxd5 exd5 10. Bd3 Bb4+ 11. Nd2 Qa5 12. a3 Bxd2+ 13. Qxd2 Qxd2+ 14. Kxd2
Nc6 15. b4 Be6 16. Rac1 Rac8 17. Rc5 f6 18. Rhc1 Ne5 19. Rxc8 Rxc8 20. Rxc8+
Bxc8 21. Bxe5 fxe5 22. f4 e4 23. Bc2 Kf7 24. Kc3 Ke7 25. Kd4 Kd6 26. Bb3 Be6 27.
g4 h6 28. f5 Bf7 29. h4 b6 30. g5 hxg5 31. hxg5 g6 32. fxg6 Bg8 33. Ba4 Be6 34.
Be8 Ke7 35. Bf7 Bf5 36. Ke5 Bg4 37. Bxd5 1-0

[Event "Dt. Senioren-Mannschaftsmeisterschaft der Landesverbände 2017"]
[Site "Templin"]
[Date "2017.10.01"]
[Round "7.8"]
[White "Kierzek, Mira"]
[Black "Krueger, Erich"]
[Result "1/2-1/2"]
[BlackElo "2171"]
[WhiteElo "2037"]
[LiveChessVersion "1.4.8"]

1. d4 Nf6 2. c4 g6 3. Nc3 Bg7 4. e4 d6 5. f3 O-O 6. Be3 b6 7. Qd2 c5 8. d5 e6 9.
Nge2 exd5 10. cxd5 Nbd7 11. Ng3 a6 12. a4 Re8 13. Be2 h5 14. Bg5 Qc7 15. O-O Nh7
16. Be3 h4 17. Nh1 Ne5 18. Nf2 f5 19. exf5 gxf5 20. f4 Nf7 21. Bf3 Nf6 22. Rae1
Bd7 23. Bd1 b5 24. axb5 axb5 25. Bf3 b4 26. Ncd1 Qb7 27. b3 Bb5 28. Kh1 Bxf1 29.
Rxf1 Ra1 30. Qd3 Nh6 31. h3 Qf7 32. Kg1 Nh5 33. Re1 Bc3 34. Bxh5 Qxh5 35. Rf1
Bg7 36. Qb5 Qf7 37. Qd3 Kh8 38. Nh1 Bf6 39. Bf2 Qg6 40. Ne3 Rxf1+ 41. Kxf1 Rg8
42. g3 hxg3 43. Nxg3 Bd4 44. Nc4 Bxf2 45. Kxf2 Qf6 46. Kg2 Qc3 47. Qe3 Ra8 48.
Kf3 Re8 49. Qxc3+ bxc3 50. Ne2 Rb8 51. Ke3 Rxb3 52. Kd3 c2+ 53. Kxc2 Rxh3 54.
Nxd6 Kg7 55. Nb7 Rh2 56. Kd1 c4 57. Nd6 Ng4 58. Nxc4 Kf6 59. Kd2 Nf2 60. Ne3
Ne4+ 61. Kd3 Nd6 62. Nd4 Rh3 63. Ne2 Nc4 64. Kxc4 Rxe3 65. Nd4 Re4 66. d6 Rxf4
67. Kd5 Rf1 68. Nc6 Rd1+ 69. Nd4 Rd2 70. Kc5 f4 71. Kc4 Rd1 72. Kc5 Ke5 73. Nf3+
Ke4 74. Ng5+ Ke3 75. Kc6 Rc1+ 76. Kb6 f3 77. Nxf3 1/2-1/2

[Event "Dt. Senioren-Mannschaftsmeisterschaft der Landesverbände 2017"]
[Site "Templin"]
[Date "2017.10.01"]
[Round "7.9"]
[White "Buchal, Stephan"]
[Black "Kalinitschew, Sergey"]
[Result "1/2-1/2"]
[BlackElo "2423"]
[WhiteElo "2347"]
[LiveChessVersion "1.4.8"]

1. e4 d5 2. exd5 Qxd5 3. Nf3 Nf6 4. d4 Bg4 5. Be2 Nc6 6. c4 Qh5 7. Be3 O-O-O 8.
Nbd2 e5 9. d5 Nd4 10. Nxd4 exd4 11. Bxg4+ 1/2-1/2

[Event "Dt. Senioren-Mannschaftsmeisterschaft der Landesverbände 2017"]
[Site "Templin"]
[Date "2017.10.01"]
[Round "7.10"]
[White "Lehmann, Klaus"]
[Black "Franke, Reiner, Prof. Dr."]
[Result "1/2-1/2"]
[BlackElo "2255"]
[WhiteElo "2321"]
[LiveChessVersion "1.4.8"]

1. e4 c5 2. c3 d5 3. exd5 Qxd5 4. d4 Nc6 5. Nf3 Bg4 6. Be2 cxd4 7. cxd4 e6 8.
Nc3 Qa5 9. Be3 Bb4 10. Qb3 Nge7 11. O-O O-O 12. a3 Bxc3 13. bxc3 Qc7 14. Rac1
Nf5 15. Qa2 Rfd8 16. h3 Bxf3 17. Bxf3 Na5 18. Be4 Rac8 19. Bg5 Rd7 20. d5 Nc4
21. dxe6 fxe6 22. Rcd1 h6 23. Bc1 Rcd8 24. Qe2 b5 25. Bd3 Qc6 26. Be4 Qc7 27.
Bd3 Qc6 28. Be4 Qc7 29. a4 a6 30. axb5 axb5 31. Rxd7 Qxd7 32. Re1 Qd6 33. Bc2
Kf7 34. Qh5+ g6 35. Qe2 Qd5 36. Bb3 Rd6 37. Bf4 Ra6 38. Rd1 Qc6 39. Bxc4 bxc4
40. Qe5 g5 41. Be3 Nh4 42. Qg3 Nf5 43. Qg4 Ra2 44. Bd4 Kg6 45. Re1 Rd2 46. Be5
Qd5 47. Qe4 Rd1 48. Kh2 1/2-1/2

[Event "Dt. Senioren-Mannschaftsmeisterschaft der Landesverbände 2017"]
[Site "Templin"]
[Date "2017.10.01"]
[Round "7.11"]
[White "Rust-Lux, Klaus"]
[Black "Glienke, Manfred, Dr."]
[Result "1/2-1/2"]
[BlackElo "2266"]
[WhiteElo "2065"]
[LiveChessVersion "1.4.8"]

1. d4 d5 2. c4 e6 3. Nc3 Nf6 4. Bg5 Be7 5. Nf3 O-O 6. Qc2 Nbd7 7. e3 h6 8. h4 c5
9. cxd5 Nxd5 10. Nxd5 exd5 11. Bxe7 Qxe7 12. dxc5 Nxc5 13. Rc1 Ne6 14. Qd2 d4
15. Nxd4 Nxd4 16. Qxd4 Rd8 17. Qf4 Be6 18. Be2 Bxa2 19. Bf3 Bd5 20. Bxd5 Rxd5
21. O-O Rad8 22. Rc7 R5d7 23. Rfc1 a6 24. Rxd7 Rxd7 25. Rc8+ Rd8 26. Rc7 Rd7
1/2-1/2

[Event "Dt. Senioren-Mannschaftsmeisterschaft der Landesverbände 2017"]
[Site "Templin"]
[Date "2017.10.01"]
[Round "7.12"]
[White "Burchardt, Brigitte"]
[Black "Ditmas, Hugh"]
[Result "1/2-1/2"]
[BlackElo "1993"]
[WhiteElo "2191"]
[LiveChessVersion "1.4.8"]

1. e4 c5 2. Nc3 Nc6 3. g3 g6 4. Bg2 Bg7 5. d3 d6 6. Be3 Rb8 7. Qd2 b5 8. f4 b4
9. Nd1 e6 10. Nf3 Nge7 11. O-O O-O 12. Kh1 Qc7 13. c3 bxc3 14. bxc3 Ba6 15. Re1
Qa5 16. Rc1 Rfd8 17. Qc2 d5 18. e5 d4 19. cxd4 Nxd4 20. Qxc5 Qxc5 21. Rxc5 Nxf3
22. Bxf3 Rxd3 23. Ra5 Bb7 24. Bxb7 Rxb7 25. Nf2 Rd5 26. Ra6 Nf5 27. Bxa7 Bf8 28.
Ne4 Kg7 29. Bf2 h5 30. Ra8 Rdb5 31. a4 Rb1 32. Rxb1 Rxb1+ 33. Kg2 Rb2 34. Rc8
Ra2 35. Ra8 Ne3+ 36. Kf3 Ng4 37. h3 Nxf2 38. Nxf2 Ra3+ 39. Kg2 Ra2 40. Rc8 Rxa4
41. Rc2 Rd4 42. Kf3 Bb4 43. Ke3 Rd5 44. Ne4 Rd7 45. g4 hxg4 46. hxg4 Be7 47. Rc6
Ra7 48. Rc3 Ra3 49. Rxa3 Bxa3 50. Nc3 Bc1+ 51. Ke4 Bd2 52. Nb5 Bc1 53. Nd6 Bd2
54. Nc4 Be1 1/2-1/2

[Event "Dt. Senioren-Mannschaftsmeisterschaft der Landesverbände 2017"]
[Site "Templin"]
[Date "2017.10.01"]
[Round "7.13"]
[White "Dettmann, Gerd"]
[Black "Schmidt, Gerhard"]
[Result "1/2-1/2"]
[BlackElo "2175"]
[WhiteElo "2155"]
[LiveChessVersion "1.4.8"]

1. e4 c5 2. Nf3 d6 3. d4 cxd4 4. Nxd4 Nf6 5. Nc3 a6 6. Bg5 Nc6 7. Qd2 Qb6 8.
O-O-O Qxd4 9. Qxd4 Nxd4 10. Rxd4 e6 11. Bxf6 gxf6 12. g3 Bd7 13. Bg2 Bc6 1/2-1/2

[Event "Dt. Senioren-Mannschaftsmeisterschaft der Landesverbände 2017"]
[Site "Templin"]
[Date "2017.10.01"]
[Round "7.14"]
[White "Jergler, Karl-Heinz"]
[Black "Pruesse, Horst"]
[Result "1-0"]
[BlackElo "2071"]
[WhiteElo "2198"]
[LiveChessVersion "1.4.8"]

1. e4 c5 2. c3 Nf6 3. e5 Nd5 4. d4 cxd4 5. Nf3 Nc6 6. Bc4 e6 7. cxd4 d6 8. O-O
dxe5 9. dxe5 Be7 10. Qe2 Qc7 11. Nc3 Nxc3 12. bxc3 Bd7 13. Bd3 Rd8 14. Re1 Nb8
15. Be3 b6 16. Rad1 Bc6 17. Nd4 Bb7 18. Qg4 Bf8 19. Bb5+ Nc6 20. Bg5 Be7 21.
Bxe7 Kxe7 22. Qg5+ 1-0

[Event "Dt. Senioren-Mannschaftsmeisterschaft der Landesverbände 2017"]
[Site "Templin"]
[Date "2017.10.01"]
[Round "7.15"]
[White "Valet, Richard"]
[Black "Oechslein, Rainer"]
[Result "1/2-1/2"]
[BlackElo "2294"]
[WhiteElo "2023"]
[LiveChessVersion "1.4.8"]

1. e4 c5 2. Nc3 Nc6 3. g3 g6 4. Bg2 Bg7 5. d3 e6 6. Be3 d6 7. f4 Nge7 8. Nf3 Nd4
9. O-O O-O 10. Bf2 e5 11. Qd2 Rb8 12. Nh4 b5 13. Nd1 b4 14. c3 bxc3 15. bxc3 Qa5
16. Rc1 Bg4 17. Kh1 Ndc6 18. Ne3 1/2-1/2

[Event "Dt. Senioren-Mannschaftsmeisterschaft der Landesverbände 2017"]
[Site "Templin"]
[Date "2017.10.01"]
[Round "7.16"]
[White "Seibold, Hubert, Dr."]
[Black "Kliewe, Hans-Juergen"]
[Result "1/2-1/2"]
[BlackElo "2037"]
[WhiteElo "2130"]
[LiveChessVersion "1.4.8"]

1. Nf3 d5 2. d4 Nf6 3. c4 c6 4. Nc3 dxc4 5. a4 Bf5 6. e3 e6 7. Bxc4 Bb4 8. O-O
O-O 9. Qe2 Nbd7 10. e4 Bg4 11. h3 Bxf3 12. Qxf3 Nb6 13. Bb3 Qxd4 1/2-1/2

[Event "Bayern 2-Blindenschachbund"]
[Site "Templin"]
[Date "2017.10.01"]
[Round "7.1"]
[White "Riegler, Dieter"]
[Black "Urytskyy, Arkadiy"]
[Result "1/2-1/2"]
[WhiteElo "2013"]
[BlackElo "2176"]
[PlyCount "47"]
[EventDate "2017.??.??"]
[WhiteTeam "Blindenschachbund"]
[BlackTeam "Bayern 2"]

1. d4 Nf6 2. c4 g6 3. Nc3 d5 4. Nf3 Bg7 5. Qb3 dxc4 6. Qxc4 O-O 7. e4 c6 8. Be2
Na6 9. O-O Be6 10. Qa4 Nc7 11. Rd1 a5 12. Qc2 b5 13. a4 Na6 14. axb5 Nb4 15.
Qa4 cxb5 16. Bxb5 Nd7 17. Ng5 Bg4 18. Be2 Nb6 19. Qb3 Bd7 20. Be3 h6 21. Nf3
Qb8 22. Bb5 Bxb5 23. Nxb5 N6d5 24. Na3 1/2-1/2

[Event "Bayern 2-Blindenschachbund"]
[Site "Templin"]
[Date "2017.10.01"]
[Round "7.2"]
[White "Hanisch, Friedrich"]
[Black "Dobierzin, Olaf"]
[Result "1/2-1/2"]
[WhiteElo "2081"]
[BlackElo "2001"]
[PlyCount "23"]
[EventDate "2017.??.??"]
[WhiteTeam "Bayern 2"]
[BlackTeam "Blindenschachbund"]

1. d4 Nf6 2. c4 g6 3. Nc3 Bg7 4. g4 O-O 5. Bg2 d6 6. Nf3 Nbd7 7. O-O e5 8. dxe5
dxe5 9. Qc2 c6 10. h3 Re8 11. e4 a5 12. Be3 1/2-1/2

[Event "Bayern 2-Blindenschachbund"]
[Site "Templin"]
[Date "2017.10.01"]
[Round "7.3"]
[White "Jagdhuber, Hans"]
[Black "Müller, Lutz"]
[Result "1-0"]
[WhiteElo "2014"]
[BlackElo "2053"]
[PlyCount "63"]
[EventDate "2017.??.??"]
[WhiteTeam "Blindenschachbund"]
[BlackTeam "Bayern 2"]

1. Nf3 Nf6 2. g3 g6 3. Bg2 Bg7 4. O-O O-O 5. c4 d6 6. Nc3 e5 7. Rb1 Bf5 8. d3
c6 9. b4 Re8 10. b5 d5 11. bxc6 bxc6 12. Qb3 e4 13. Nh4 dxc4 14. dxc4 Na6 15.
Nxf5 gxf5 16. Qb7 Nc5 17. Qxc6 Rc8 18. Qb5 Re6 19. Na4 Nxa4 20. Qxa4 Ng4 21.
Rd1 Qc7 22. Rd7 Qc5 23. e3 Rb6 24. Rxb6 axb6 25. Ba3 Qe5 26. Qd1 Bf6 27. h3 Ra8
28. hxg4 Rxa3 29. gxf5 Rxa2 30. Qg4+ Kh8 31. Qxe4 Qxe4 32. Bxe4 1-0

[Event "Niedersachsen-Hamburg"]
[Site "Templin"]
[Date "2017.10.01"]
[Round "7.2"]
[White "Nimtz, Manfred"]
[Black "Engelbert, Christoph"]
[Result "1/2-1/2"]
[WhiteElo "2184"]
[BlackElo "2135"]
[PlyCount "21"]
[EventDate "2017.??.??"]
[WhiteTeam "Niedersachsen"]
[BlackTeam "Hamburg"]

1. e4 g6 2. d4 Bg7 3. Nc3 d6 4. f4 a6 5. Nf3 b5 6. Bd3 Nd7 7. e5 Bb7 8. O-O c5
9. Be4 Bxe4 10. Nxe4 cxd4 11. exd6 1/2-1/2

[Event "Niedersachsen-Hamburg"]
[Site "Templin"]
[Date "2017.10.01"]
[Round "7.4"]
[White "Cichy, Michael"]
[Black "Gerigk, Wolf"]
[Result "1/2-1/2"]
[WhiteElo "2043"]
[BlackElo "2032"]
[PlyCount "22"]
[EventDate "2017.??.??"]
[WhiteTeam "Niedersachsen"]
[BlackTeam "Hamburg"]

1. d4 g6 2. Nf3 Bg7 3. c4 c5 4. d5 e6 5. e4 d6 6. Bd3 Ne7 7. h3 O-O 8. O-O Nd7
9. Qb3 e5 10. Nc3 f5 11. Ng5 Nf6 1/2-1/2

[Event "Schleswig-Holstein 1-Berlin 2"]
[Site "Templin"]
[Date "2017.10.01"]
[Round "7.3"]
[White "Baumbach, Friedrich"]
[Black "Stark, Hans-Werner"]
[Result "1/2-1/2"]
[WhiteElo "2156"]
[BlackElo "2103"]
[PlyCount "20"]
[EventDate "2017.??.??"]
[WhiteTeam "Berlin 2"]
[BlackTeam "Schleswig-Holstein 1"]

1. d4 d5 2. c4 e6 3. Nc3 c6 4. e3 Nd7 5. Nf3 f5 6. Bd3 Ndf6 7. O-O Bd6 8. b3
Ne7 9. Bb2 O-O 10. Ne5 a6 1/2-1/2

[Event "Nordrhein-Westfalen 2-Rheinland-Pfalz 1"]
[Site "Templin"]
[Date "2017.10.01"]
[Round "7.3"]
[White "Fecht, Hans-Peter"]
[Black "Andersen, Knut"]
[Result "1/2-1/2"]
[WhiteElo "2090"]
[BlackElo "2108"]
[PlyCount "24"]
[EventDate "2017.??.??"]
[WhiteTeam "Rheinland-Pfalz 1"]
[BlackTeam "Nordrhein-Westfalen 2"]

1. Nf3 Nf6 2. g3 g6 3. Bg2 Bg7 4. O-O c5 5. c4 Nc6 6. Nc3 d6 7. b3 O-O 8. Bb2
Bd7 9. d4 cxd4 10. Nxd4 Rc8 11. e3 a6 12. Qd2 Qc7 1/2-1/2

[Event "Nordrhein-Westfalen 2-Rheinland-Pfalz 1"]
[Site "Templin"]
[Date "2017.10.01"]
[Round "7.4"]
[White "Haselhorst, Helmut"]
[Black "Dietzsch, Herbert"]
[Result "1/2-1/2"]
[WhiteElo "2067"]
[BlackElo "2094"]
[PlyCount "25"]
[EventDate "2017.??.??"]
[WhiteTeam "Nordrhein-Westfalen 2"]
[BlackTeam "Rheinland-Pfalz 1"]

1. d4 d5 2. c4 c6 3. cxd5 cxd5 4. Bf4 Nc6 5. e3 e6 6. Nc3 Bd6 7. Bxd6 Qxd6 8.
Nf3 Nf6 9. Rc1 O-O 10. Bd3 Bd7 11. Nb5 Qb4+ 12. Qd2 Qxd2+ 13. Kxd2 1/2-1/2

[Event "Sachsen-Anhalt-Sachsen 2"]
[Site "Templin"]
[Date "2017.10.01"]
[Round "7.1"]
[White "Bodach, Hans"]
[Black "Liebert, Heinz"]
[Result "1/2-1/2"]
[WhiteElo "2183"]
[BlackElo "2188"]
[PlyCount "27"]
[EventDate "2017.??.??"]
[WhiteTeam "Sachsen 2"]
[BlackTeam "Sachsen-Anhalt"]

1. e4 e6 2. d4 d5 3. Nd2 dxe4 4. Nxe4 Nd7 5. Nf3 Ngf6 6. Bd3 Nxe4 7. Bxe4 Nf6
8. Bd3 Be7 9. O-O O-O 10. b3 b6 11. Bb2 Bb7 12. Qe2 Qd5 13. c4 Qh5 14. Ne5
1/2-1/2

[Event "Sachsen-Anhalt-Sachsen 2"]
[Site "Templin"]
[Date "2017.10.01"]
[Round "7.4"]
[White "Liebscher, Helmar"]
[Black "Eichner, Christian"]
[Result "1/2-1/2"]
[WhiteElo "2089"]
[BlackElo "2067"]
[PlyCount "24"]
[EventDate "2017.??.??"]
[WhiteTeam "Sachsen-Anhalt"]
[BlackTeam "Sachsen 2"]

1. e4 e5 2. Nf3 Nc6 3. Bb5 a6 4. Ba4 Nf6 5. O-O Be7 6. Re1 b5 7. Bb3 O-O 8. a4
b4 9. d4 d6 10. dxe5 Nxe5 11. Nxe5 dxe5 12. Qxd8 Rxd8 1/2-1/2

[Event "Mecklenburg-Vorpommern 2-Württemberg 2"]
[Site "Templin"]
[Date "2017.10.01"]
[Round "7.2"]
[White "Wiemer, Jürgen"]
[Black "Wolf, Walter"]
[Result "0-1"]
[WhiteElo "2028"]
[BlackElo "2110"]
[PlyCount "36"]
[EventDate "2017.??.??"]
[WhiteTeam "Mecklenburg-Vorpommern 2"]
[BlackTeam "Württemberg 2"]

1. e4 e5 2. Nf3 Nc6 3. d4 exd4 4. Nxd4 Bc5 5. Be3 Qf6 6. c3 Nge7 7. f4 Bxd4 8.
cxd4 d5 9. e5 Qg6 10. Nc3 Bf5 11. a3 O-O 12. Rc1 f6 13. exf6 Rxf6 14. Rg1 Re6
15. Kf2 Bg4 16. Qc2 Qh6 17. h3 Rxe3 18. hxg4 Qxf4# 0-1

[Event "Mecklenburg-Vorpommern 2-Württemberg 2"]
[Site "Templin"]
[Date "2017.10.01"]
[Round "7.3"]
[White "Schmid, Hartmut"]
[Black "Nauschütz, Ernst"]
[Result "1-0"]
[WhiteElo "2138"]
[BlackElo "1966"]
[PlyCount "48"]
[EventDate "2017.??.??"]
[WhiteTeam "Württemberg 2"]
[BlackTeam "Mecklenburg-Vorpommern 2"]

1. c4 c5 2. Nf3 g6 3. e3 Nf6 4. Nc3 Nc6 5. d4 cxd4 6. exd4 d5 7. Bg5 Ne4 8.
cxd5 Nxc3 9. bxc3 Qxd5 10. Be2 Bg7 11. O-O O-O 12. Qd2 b6 13. Rad1 Bb7 14. c4
Qd7 15. Bh6 Rac8 16. Bxg7 Kxg7 17. d5 Na5 18. Qd4+ Kg8 19. Qh4 Kg7 20. Rfe1 Rc7
21. Ne5 Qd6 22. Bd3 Rfc8 23. Nxf7 Qf6 24. Ng5 h5 1-0

[Event "Mecklenburg-Vorpommern 2-Württemberg 2"]
[Site "Templin"]
[Date "2017.10.01"]
[Round "7.4"]
[White "Krüger, Gerhard"]
[Black "Keller, Harald"]
[Result "0-1"]
[WhiteElo "1978"]
[BlackElo "2077"]
[PlyCount "92"]
[EventDate "2017.??.??"]
[WhiteTeam "Mecklenburg-Vorpommern 2"]
[BlackTeam "Württemberg 2"]

1. e4 Nf6 2. e5 Nd5 3. d4 d6 4. Nf3 Nb6 5. h3 g6 6. exd6 cxd6 7. Bd3 Bg7 8. O-O
O-O 9. c3 Nc6 10. Be3 Nd5 11. Bd2 Qc7 12. Na3 a6 13. Nc2 e5 14. c4 Nf6 15. d5
Na5 16. Bxa5 Qxa5 17. Ng5 h6 18. Ne4 Nxe4 19. Bxe4 f5 20. Bd3 e4 21. Be2 Bxb2
22. Rb1 Be5 23. Nb4 Bd7 24. Qd2 Kh7 25. f3 Qc5+ 26. Kh1 b5 27. fxe4 fxe4 28.
Rxf8 Rxf8 29. Nxa6 Qf2 30. Qe1 Qf4 31. g3 Qg5 32. h4 Qe3 33. Rb3 Qa7 34. cxb5
Bd4 35. a4 Rf2 36. a5 Bh3 37. b6 Qd7 38. g4 Bg2+ 39. Kh2 Bf3+ 40. Qxf2 Bxf2 41.
Bxf3 exf3 42. Rxf3 Bd4 43. h5 Qxg4 44. Rf7+ Kg8 45. hxg6 Qh5+ 46. Kg2 Qxg6+ 0-1

[Event "Baden 2-Rheinland-Pfalz 2"]
[Site "Templin"]
[Date "2017.10.01"]
[Round "7.1"]
[White "Esswein, Karlheinz"]
[Black "Sandmeier, Toni"]
[Result "1/2-1/2"]
[WhiteElo "2092"]
[BlackElo "2162"]
[PlyCount "27"]
[EventDate "2017.??.??"]
[WhiteTeam "Rheinland-Pfalz 2"]
[BlackTeam "Baden 2"]

1. Nf3 c5 2. e4 g6 3. c3 Bg7 4. Bd3 Nf6 5. O-O O-O 6. Re1 Nc6 7. Na3 d5 8. exd5
Nxd5 9. Bf1 Nc7 10. d3 b6 11. Nc2 e5 12. Bg5 Qd7 13. Qd2 Re8 14. Bh6 1/2-1/2

[Event "Baden 2-Rheinland-Pfalz 2"]
[Site "Templin"]
[Date "2017.10.01"]
[Round "7.2"]
[White "Dekan, Hans"]
[Black "Schwertel, Johann"]
[Result "1-0"]
[WhiteElo "2152"]
[BlackElo "1930"]
[PlyCount "79"]
[EventDate "2017.??.??"]
[WhiteTeam "Baden 2"]
[BlackTeam "Rheinland-Pfalz 2"]

1. e4 c6 2. Nc3 d5 3. Nf3 dxe4 4. Nxe4 Nf6 5. Nxf6+ exf6 6. Bc4 Bd6 7. Qe2+ Qe7
8. Qxe7+ Bxe7 9. O-O O-O 10. Re1 Bd6 11. d4 Nd7 12. Bd2 Nb6 13. Bb3 c5 14. c4
cxd4 15. Nxd4 Bc5 16. Be3 Bd7 17. a4 Bb4 18. Red1 Rac8 19. Nc2 Bc5 20. a5 Bxe3
21. Nxe3 Be6 22. axb6 axb6 23. Nd5 Bxd5 24. cxd5 Rc5 25. d6 Rb5 26. d7 Rd8 27.
Rac1 Kf8 28. Rd3 Rc5 29. Rxc5 bxc5 30. Bc4 Ke7 31. Bb5 f5 32. Re3+ Kd6 33. Re8
Kc7 34. Kf1 g5 35. Ke2 h5 36. Ke3 h4 37. f4 g4 38. b3 h3 39. gxh3 gxh3 40. Kf3
1-0

[Event "Baden 2-Rheinland-Pfalz 2"]
[Site "Templin"]
[Date "2017.10.01"]
[Round "7.3"]
[White "Schowalter, Gerd"]
[Black "Müller, Rudolf"]
[Result "0-1"]
[WhiteElo "1946"]
[BlackElo "2076"]
[PlyCount "86"]
[EventDate "2017.??.??"]
[WhiteTeam "Rheinland-Pfalz 2"]
[BlackTeam "Baden 2"]

1. d4 b6 2. Bf4 e6 3. Nf3 Bb7 4. Nbd2 f5 5. e3 Nf6 6. h3 d6 7. Bc4 d5 
8. Be2 Bd6 9. Bxd6 Qxd6 10. Ne5 Nbd7 11. Ndf3 Qb4+ 12. Nd2
Nxe5 13. dxe5 Nd7 14. f4 Qxb2 15. O-O Qc3 16. Rf3 g6 17. Rb1 O-O-O 18. Nb3 Qb4
19. Nd4 Qe7 20. a4 a5 21. Bb5 Nc5 22. Qe2 g5 23. Nc6 Bxc6 24. Bxc6 Rdg8 25. Rb5
g4 26. Rxc5 Qxc5 27. Qa6+ Kd8 28. Qa8+ Ke7 29. Qb7 Rc8 30. hxg4 fxg4 31. Rg3 h5
32. Kh2 Rhg8 33. f5 Qxc2 34. f6+ Kf7 35. Bxd5 Qf5 36. Be4 Qxe5 37. Qc6 Kxf6 38.
Bf3 h4 39. Kg1 hxg3 40. Qc1 gxf3 41. gxf3 Rcd8 42. f4 Rd1+ 43. Qxd1 Qxe3+ 0-1

[Event "Baden 2-Rheinland-Pfalz 2"]
[Site "Templin"]
[Date "2017.10.01"]
[Round "7.4"]
[White "Fugmann, Bernd"]
[Black "Ranker, Klemens"]
[Result "1/2-1/2"]
[WhiteElo "1971"]
[BlackElo "1835"]
[PlyCount "56"]
[EventDate "2017.??.??"]
[WhiteTeam "Baden 2"]
[BlackTeam "Rheinland-Pfalz 2"]

1. e4 c5 2. Nc3 Nc6 3. f4 g6 4. Nf3 Bg7 5. Bb5 d6 6. Bxc6+ bxc6 7. d3 Rb8 8.
O-O e6 9. Qe1 Ne7 10. Kh1 O-O 11. Rb1 Ba6 12. b3 Qd7 13. Bb2 Rbe8 14. Qf2 f5
15. e5 Nd5 16. Nxd5 cxd5 17. exd6 Bxb2 18. Rxb2 Qxd6 19. Qh4 Qe7 20. Qf2 Qc7
21. Ne5 Re7 22. Re1 Rfe8 23. Rbb1 Rg7 24. Re3 Bc8 25. Rbe1 d4 26. R3e2 Bb7 27.
Qh4 Bd5 28. Rf1 Qe7 1/2-1/2

[Event "Brandenburg 2-Schleswig-Holstein 2"]
[Site "Templin"]
[Date "2017.10.01"]
[Round "7.1"]
[White "Kornrumpf, Joachim"]
[Black "Urban, Hans-Rainer"]
[Result "1/2-1/2"]
[WhiteElo "2082"]
[BlackElo "2088"]
[PlyCount "21"]
[EventDate "2017.??.??"]
[WhiteTeam "Schleswig-Holstein 2"]
[BlackTeam "Brandenburg 2"]

1. b3 e5 2. Bb2 d6 3. e3 g6 4. c4 Bg7 5. Nf3 Nc6 6. d3 Nh6 7. Nbd2 O-O 8. a3 a5
9. Qc2 Qe7 10. Be2 Bd7 11. Ne4 1/2-1/2

[Event "Brandenburg 2-Schleswig-Holstein 2"]
[Site "Templin"]
[Date "2017.10.01"]
[Round "7.2"]
[White "Ellenberg, Ekkehard"]
[Black "Gehrmann, Rudolf-Rainer"]
[Result "1/2-1/2"]
[WhiteElo "2057"]
[BlackElo "2096"]
[PlyCount "25"]
[EventDate "2017.??.??"]
[WhiteTeam "Brandenburg 2"]
[BlackTeam "Schleswig-Holstein 2"]

1. e4 c5 2. Nf3 d6 3. Bb5+ Bd7 4. a4 Nc6 5. O-O g6 6. c3 Bg7 7. Re1 Nf6 8. d4
cxd4 9. cxd4 O-O 10. Nc3 Bg4 11. Be2 Rc8 12. Be3 Na5 13. Nd2 1/2-1/2

[Event "Brandenburg 2-Schleswig-Holstein 2"]
[Site "Templin"]
[Date "2017.10.01"]
[Round "7.3"]
[White "Hahne, Hans-Jürgen"]
[Black "Zoll, Detlef"]
[Result "1-0"]
[WhiteElo "2085"]
[BlackElo "1893"]
[PlyCount "49"]
[EventDate "2017.??.??"]
[WhiteTeam "Schleswig-Holstein 2"]
[BlackTeam "Brandenburg 2"]

1. f4 e6 2. Nf3 Nf6 3. g3 b6 4. Bg2 Bb7 5. O-O Be7 6. c4 O-O 7. Nc3 c5 8. d3 d6
9. e4 Nbd7 10. h3 g6 11. g4 Rb8 12. Qe1 Ne8 13. h4 f5 14. gxf5 exf5 15. exf5
Rxf5 16. Bh3 Rf6 17. Ng5 Nf8 18. Nce4 Bxe4 19. Qxe4 d5 20. cxd5 Nd6 21. Qe2 Rb7
22. Ne6 Qe8 23. Qg2 Nf5 24. Ng5 Bd6 25. Ne4 1-0